Estates Gazette rich list (Record no. 73595)

MARC details
000 -LEADER
fixed length control field 00678cam a2200205 4500
001 - CONTROL NUMBER
control field ABS67140
008 - FIXED-LENGTH DATA ELEMENTS--GENERAL INFORMATION
fixed length control field 031015n2003 000 0 eng u
035 ## - SYSTEM CONTROL NUMBER
System control number (Sirsi) u123927
100 ## - MAIN ENTRY--PERSONAL NAME
Personal name Beresford, P.
245 ## - TITLE STATEMENT
Title Estates Gazette rich list
260 ## - PUBLICATION, DISTRIBUTION, ETC.
Date of publication, distribution, etc. 2003
490 ## - SERIES STATEMENT
Series statement Estates Gazette
Volume/sequential designation (0341) 11 October 2003, 51-101932)
520 ## - SUMMARY, ETC.
Summary, etc. Ranks the top 200 UK's richest property investors, traders and developers in 2003. Numerical and alphabetical lists. Rules of engagement explains criteria for inclusion.
590 ## - LOCAL NOTE (RLIN)
Local note ABS
650 ## - SUBJECT ADDED ENTRY--TOPICAL TERM
Topical term or geographic name entry element PROPERTY INVESTORS
650 ## - SUBJECT ADDED ENTRY--TOPICAL TERM
Topical term or geographic name entry element RANKINGS
690 ## - LOCAL SUBJECT ADDED ENTRY--TOPICAL TERM (OCLC, RLIN)
Topical term or geographic name as entry element PROPERTY-COMMERCIAL PROPERTY
700 ## - ADDED ENTRY--PERSONAL NAME
Personal name Prince, D.
942 ## - ADDED ENTRY ELEMENTS (KOHA)
Suppress in OPAC 0
Holdings
Withdrawn status Lost status Source of classification or shelving scheme Damaged status Not for loan Home library Current library Shelving location Date acquired Total Checkouts Full call number Barcode Date last seen Copy number Price effective from Koha item type
    Dewey Decimal Classification     London London Journal article 15/10/2003   ABS67140 123927-1001 06/08/2019 1 06/08/2019 Journal article